La percepción del problema de la contaminación ambiental por la población costarricense
Guardado en:
| Hovedforfatter: | |
|---|---|
| Institution som forfatter: | |
| Format: | Texto |
| Udgivet: |
San José:
OFIPLAN
|
| Tags: |
Tilføj Tag
Ingen Tags, Vær først til at tagge denne postø!
|
MARC
| LEADER | 00000 a a2200000 04500 | ||
|---|---|---|---|
| 001 | 21667 | ||
| 003 | |||
| 040 | |a CRAI/IIS |c CRAI/IIS | ||
| 090 | |a 096600 | ||
| 100 | |a Gómez Barrantes, Miguel | ||
| 110 | |a Costa Rica. Presidencia de la República. Oficina de Información | ||
| 245 | |a La percepción del problema de la contaminación ambiental por la población costarricense | ||
| 260 | |a San José: |b OFIPLAN | ||
| 300 | |a 30 p. | ||
| 999 | |c 7198 |d 7198 | ||
